000 00653nam a2200241Ia 4500
003 OSt
005 20220918211635.0
006 a|||||r|||| 00| 0
007 ta
008 220917b |||||||| |||| 00| 0 eng d
024 _a125,055
037 _cTextual
040 _aARTS
_cARTS
_beng
041 _2eng
_aeng
082 _aW:914, G5
100 _aWright Qunicy
_9121120
245 0 _aCauses of war and the conditions of peace
260 _c1935
490 _aGraduate institute of international studies, Geneva Pub; 14
650 _aPOLITICAL SCIENCE
942 _hW:914, G5
_cTEXL
_2CC
999 _c248240
_d248240